วิทยาลัยพยาบาลบรมราชชนนี ยะลา
ระบบห้องสมุดอัตโนมัติ ULIBM BCNYALA - V.6
เปลี่ยนเป็นภาษาไทย

Change to English
 แสดงรายละเอียดบรรณานุกรม
  กลับหน้าหลัก

Brief Record : Get Marc (ISO 2709) : E-mail record : QR code ปิดหน้าต่าง
ทฤษฎี เทคนิค การพัฒนาพฤติกกรรมสุขภาพ และการประยุกต์ใช้ในงานสาธารณสุข Review โดย
ใช้งานได้ทุกระบบ
ห้องสมุดวพบ.ยะลา
ใช้งานได้ทุกระบบ เมื่อ30/มีนาคม/2569
สารบัญ
บทที่ 1 แนวคิดหลักการ สุขภาพ และการสร้างเสริมสุขภาพ
บทที่ 2 หลักการพัฒนาพฤติกรรมสุขภาพ และทฤษฎีการส่งเสริมสุขภาพ
บทที่ 3 ทฤษฎีการปรับเปลี่ยนพฤติกรรมระดับบุคคล
บทที่ 4 ทกษฎีระหว่างบุคคลและระดับชุมชน
บทที่ 5 ทษฎีการพัฒนาพฤติกรรมสุขภาพ

E-books : เกี่ยวกับ Collections
LEADER 00000nam 2200000uu 4500
001    3830
003     ULIBM
008    260317s2564||||th 000 0 tha d
020    ^a9789740339496
060  0 ^aWA590^bก781ท
100 0  ^aเกษแก้ว เสียงเพราะ
245 00 ^aทฤษฎี เทคนิค การพัฒนาพฤติกกรรมสุขภาพ และการประยุกต์ใช้ในงานสาธารณสุข/^cเกษแก้ว เสียงเพราะ
250    ^aพิมพ์ครั้งที่ 2
260    ^aกรุงเทพฯ :^bสำนักพิมพ์จุฬาลงกรณ์มหาวิทยาลัย,^c2564.
300    ^a139 หน้า :^bภาพประกอบ ;^c25 ซม.
650  7 ^aการส่งเสริมสุขภาพ
650  7 ^aพฤติกรรมสุขภาพ
999    ^aอีมาน
รายการนี้ยังไม่มีแท็ก
คุณยังไม่ได้ล็อกอิน คุณสามารถมีกิจกรรมร่วมกับเว็บไซต์ได้ แต่ต้องล็อกอินก่อน ::
  ล็อกอิน
ลำดับที่ ประเภท เลขเรียก สถานที่ สถานะ
1. หนังสือทางการพยาบาล
หนังสือสำรอง
สถานะ=หนังสือสำรอง
WA590 ก781ท 2564 ฉ.1 
  
ห้องสมุดวพบ.ยะลา
►หนังสือสำรอง
On Shelf
  ขอยืม
2. หนังสือทางการพยาบาล
หนังสือทางการพยาบาล
WA590 ก781ท 2564 ฉ.2 
  
ห้องสมุดวพบ.ยะลา
►หนังสือ ตำรา ทางการพยาบาล
On Shelf
  ขอยืม
3. หนังสือทางการพยาบาล
หนังสือทางการพยาบาล
WA590 ก781ท 2564 ฉ.3 
  
ห้องสมุดวพบ.ยะลา
►หนังสือ ตำรา ทางการพยาบาล
On Shelf
  ขอยืม
4. หนังสือทางการพยาบาล
หนังสือทางการพยาบาล
WA590 ก781ท 2564 ฉ.4 
  
ห้องสมุดวพบ.ยะลา
►หนังสือ ตำรา ทางการพยาบาล
On Shelf
  ขอยืม
5. หนังสือทางการพยาบาล
หนังสือทางการพยาบาล
WA590 ก781ท 2564 ฉ.5 
  
ห้องสมุดวพบ.ยะลา
►หนังสือ ตำรา ทางการพยาบาล
On Shelf
  ขอยืม
   [แสดง 5/5 รายการ]

รายการใกล้เคียง
    หัวเรื่อง [การส่งเสริมสุขภาพ]
    หัวเรื่อง [พฤติกรรมสุขภาพ]

BibComment


ยังไม่เคยถูกคอมเมนท์

คอมเมนท์ทรัพยากรรายการนี้
  คอมเมนท์: ทฤษฎี เทคนิค กา..
Bib 3830

 
 
 

 Union Library Management : ULibM

ดูหนังออนไลน์

Copyright 2026. All Rights Reserved.